000 00552nam a2200229Ia 4500
003 OSt
005 20221006151902.0
006 a|||||r|||| 00| 0
007 ta
008 221006b |||||||| |||| 00| 0 eng d
020 _c200.00
024 _a23,803
037 _cTextual
040 _aEASL
_cEASL
_beng
041 _2eng
_aeng
100 _aKRISHNAMURTHY K
245 0 _aBuddhism in Japan
260 _aDelhi
_bSandeep Prakashan
_c1989
300 _a132p.
_ccm.
942 _cTEXL
_2CC
999 _c1091889
_d1091889